书目信息 |
| 题名: |
线性系统理论
|
|
| 作者: | 程兆林 , 马树萍 著 | |
| 分册: | ||
| 出版信息: | 北京 科学出版社 |
|
| 页数: | 204页 | |
| 开本: | 26cm | |
| 丛书名: | 21世纪高等院校教材.信息与计算科学专业教材系列 | |
| 单 册: | ||
| 中图分类: | O231.1 | |
| 科图分类: | ||
| 主题词: | 控制论--数学理论 , 信息论--数学理论 | |
| 电子资源: | ||
| ISBN: | 7-03-017141-1 | |
| 000 | 00735nam0 2200229 450 | |
| 001 | 0762220314 | |
| 005 | 20071010171700.31 | |
| 010 | @a7-03-017141-1@d¥19.00 | |
| 100 | @a20071010d km y0chiy0120 ea | |
| 101 | 0 | @achi |
| 200 | 1 | @a线性系统理论@Axian xing xi tong li lun@f程兆林,马树萍著@Fcheng zhao lin,ma shu ping zhu |
| 210 | @a北京@c科学出版社 | |
| 215 | @a204页@d26cm | |
| 225 | 2 | @a21世纪高等院校教材.信息与计算科学专业教材系列 |
| 410 | 0 | @12001 @a21世纪高等院校教材.信息与计算科学专业教材系列 |
| 606 | 0 | @a控制论@x数学理论 |
| 606 | 0 | @a信息论@x数学理论 |
| 690 | @aO231.1@v3 | |
| 701 | 0 | @a程兆林@Acheng zhao lin@4著 |
| 701 | 0 | @a马树萍@Ama shu ping@4著 |
| 801 | 0 | @aCN@bPFT@c20071010 |
| 905 | @a213230@dO231.1@eS14@f1 | |
| 线性系统理论/程兆林,马树萍著.-北京:科学出版社 |
| 204页;26cm.-(21世纪高等院校教材.信息与计算科学专业教材系列) |
| ISBN 7-03-017141-1:¥19.00 |
| ● |
| 相关链接 |
|
|
|
|
正题名:线性系统理论
索取号:O231.1/S14
 
预约/预借
| 序号 | 登录号 | 条形码 | 馆藏地/架位号 | 状态 | 备注 |
| 1 | 6705245 | 267052459 | 密集书库-数信学院/ [索取号:O231.1/S14] | 在馆 |